000 00912nam a2200301 i 4500
003 EG-GICUC
005 20260423203014.0
008 260423s1998 fr |||fr|||| 00| 0 fre d
020 _a213049076x
040 _aEG-GiCUC
_bfre
_cEG-GiCUC
_dEG-GiCUC
_eRda
082 0 4 _221
_a343.6
_bCU . C
092 0 4 _221
099 _aLaw1 10 343.6 CU . C 1991
100 1 _aCusson, Maurice
_eAuteur
245 1 0 _aCriminologie Actuelle /
_cMaurice Cusson.
250 _a1 Édition
264 3 _aParis :
_bPresses Universitaires de France,
_c1991.
300 _a 265 page ;
_c 24 cm.
336 _2rda contenu
_a texte
337 _2rda medias
_aOrdinateur
338 _2 transporteur rda
_a Ressource en ligne
650 1 _aCriminologie
_2qrmak
650 1 _aDroit De Pénal
_2qrmak
651 1 _2qrmak
856 4 0 _uhttps://fll.law.cu.edu.eg/fulltext/bks/B10-10677.pdf
905 _a54
942 _2ddc
_cBK
_e21
_n0
999 _c73255
_d73255